Guess the 5 Seconds of Summer song with no hints #8 5SOS - Statistics

General Stats
  • This quiz has been taken 68 times
  • The average score is 251 of 372
Answer Stats
Answer % Correct
I
100%
a
98%
you
90%
You
90%
and
88%
to
88%
we
88%
(We
88%
the
86%
love
84%
When
82%
(When
82%
it
80%
me
80%
me,
80%
me)
80%
be
78%
be)
78%
know
78%
your
78%
it's
75%
It's
75%
want,
75%
want
75%
like
73%
then
73%
You're
73%
you're
73%
in
71%
So
71%
so
71%
that
71%
what
71%
my
69%
All
67%
all
67%
don't
65%
feel
65%
got,
65%
got
65%
one
65%
Look
63%
look
63%
not
63%
wanna
63%
(Wanna
63%
If
61%
just
61%
were
61%
were)
61%
but
59%
can't
57%
I'll
57%
lie
57%
(Lie
57%
our
57%
ever
55%
eyes
55%
thing
55%
Cause
53%
over
53%
take
53%
breathe
51%
gone,
51%
gone
51%
them
51%
vapor
51%
Tell
49%
weather
49%
hands
47%
into
47%
Make
47%
(Make
47%
need
47%
remember
47%
lot,
45%
lot
45%
yeah)
45%
you've
45%
would
43%
sound
41%
sweet
41%
sweet)
41%
We'll
41%
won't
41%
words,
41%
Here,
39%
(Oh,
39%
pavement
39%
perfect
39%
talk,
39%
talk
39%
told
39%
waste
39%
stop,
37%
stop
37%
veins
37%
almost
35%
another
35%
print
35%
quit
33%
shot,
33%
shot
33%
break
31%
hit
31%
Savour
31%
through
31%
meant
29%
truth
27%
aim
22%
No matching quizzes found
Score Distribution
Percent of People with Each Score
Percentile by Number Answered
Your Score History
You have not taken this quiz